[Event "TCh-NED 2009-10"]
[Site "Netherlands NED"]
[Date "2010.03.27"]
[Round "8"]
[White "Van Kerkhof,D"]
[Black "Okkes,M"]
[Result "1/2-1/2"]
[WhiteElo "2219"]
[BlackElo "2383"]

1.e4 c5 2.Nf3 Nc6 3.d4 cxd4 4.Nxd4 Nf6 5.Nc3 d6 6.Bg5 e6 7.Qd3 Be7 8.O-O-O a6
9.f4 Nxd4 10.Qxd4 b5 11.Bxf6 gxf6 12.e5 d5 13.Kb1 Bb7 14.f5 fxe5 15.Qxe5 Bf6
16.Qg3 Qe7 17.fxe6 fxe6 18.Be2 O-O-O 19.Bg4 h5 20.Bh3 h4 21.Qf4 Bxc3 22.bxc3 Rhf8
23.Qe5 Qc7 24.Bxe6+ Kb8 25.Qxc7+ Kxc7 26.Rhf1 Rxf1 27.Rxf1 Bc8 28.Rf7+ Kb6
29.Bxc8 Rxc8 30.Rf6+ Ka5 31.Rh6 Rg8 32.Rxh4 Rxg2 33.a3 Rg1+ 34.Kb2 Kb6 35.Rh8 Rh1
36.h4 Kb7 37.h5 Kb6 38.h6 Kb7 39.Kb3 Rb1+ 40.Ka2 Rh1 41.Kb2 Kb6 42.Kb3 Rb1+
43.Ka2 Rh1 44.Kb2 Kb7 45.h7 Ka7 46.Rd8 Rxh7 47.Rxd5 Rh4 48.Kb3 Kb7 49.Rd4 Rh2
50.c4 Kc6 51.Rg4 Rh3+ 52.Kb4 bxc4 53.Rxc4+ Kb6 54.Rg4 a5+ 55.Kc4 Rxa3 56.Rg6+ Kc7
57.Kb5 Rc3 58.Rg2 a4 59.Kxa4 Rc5 60.Kb4 Rh5 61.c4 Kc6 62.Rg6+ Kc7 63.c5 Rh1
64.Kb5 Rb1+ 65.Kc4 Rc1+  1/2-1/2

[Event "TCh-NED 2009-10"]
[Site "Netherlands NED"]
[Date "2010.03.27"]
[Round "8"]
[White "Van Kampen,R"]
[Black "Hoeksema,E"]
[Result "1-0"]
[WhiteElo "2447"]
[BlackElo "2328"]

1.e4 c5 2.Nf3 d6 3.d4 cxd4 4.Nxd4 Nf6 5.Nc3 Nc6 6.Bg5 e6 7.Qd2 a6 8.O-O-O Be7
9.f4 Qc7 10.Bxf6 Bxf6 11.Nxc6 Qxc6 12.Qxd6 Qxd6 13.Rxd6 Bxc3 14.bxc3 Bd7
15.Be2 Bc6 16.Bf3 Rc8 17.Rhd1 O-O 18.Kb2 e5 19.f5 f6 20.h4 Rc7 21.g4 g6 22.h5 gxf5
23.gxf5 Kg7 24.h6+ Kxh6 25.Rg1 Rd7 26.Rd3 Rxd3 27.cxd3 Rf7 28.Kc2 Rg7 29.Rh1+ Kg5
30.Rg1+ Kh6 31.Rh1+ Kg5 32.Kd2 Kf4 33.Ke2 Rg3 34.Rh4+ Kg5 35.Rxh7 Kf4 36.Rh4+ Kg5
37.Rh5+ Kf4 38.Rh4+ Kg5 39.Rh1 Kf4 40.Rf1 Bb5 41.c4 Ba4 42.Bh1+ Kg5 43.Kd2 a5
44.Bf3 Be8 45.Be2 Bc6 46.Rh1  1-0

[Event "26th Budapest Spring Festival"]
[Site "Budapest HUN"]
[Date "2010.03.28"]
[Round "9"]
[White "Karim,I"]
[Black "Bodrogi,M"]
[Result "1-0"]
[WhiteElo "2386"]
[BlackElo "2096"]

1.e4 c5 2.Nf3 d6 3.Nc3 Nc6 4.d4 cxd4 5.Nxd4 Nf6 6.Bg5 Qa5 7.Bb5 Bd7 8.Nb3 Qd8
9.Bxf6 gxf6 10.Qh5 Ne5 11.f4 Ng6 12.Bxd7+ Qxd7 13.Rf1 Qc6 14.O-O-O b6 15.g3 Bg7
16.Nd4 Qd7 17.Nf5 Bf8 18.Qf3 Qb7 19.h4 h5 20.Qe2 a6 21.g4 hxg4 22.Qxg4 e6
23.Nxd6+ Bxd6 24.Rxd6 Rxh4 25.Qg3 Kf8 26.f5 exf5 27.Rxf6 fxe4 28.Qxg6  1-0

[Event "TCh-AUT 2009-10"]
[Site "Baden AUT"]
[Date "2010.03.29"]
[Round "10"]
[White "Poetz,F"]
[Black "Wittmann,W"]
[Result "1-0"]
[WhiteElo "2317"]
[BlackElo "2293"]

1.e4 c5 2.Nf3 d6 3.d4 cxd4 4.Nxd4 Nf6 5.Nc3 Nc6 6.Bg5 e6 7.Qd2 Be7 8.O-O-O Nxd4
9.Qxd4 O-O 10.f3 Bd7 11.h4 Bc6 12.Kb1 h6 13.Be3 d5 14.e5 Nd7 15.f4 Qa5 16.Qd2 Bb4
17.Bd4 Nc5 18.Qe3 Rfc8 19.Rh3 Na4 20.Ne2 Bb5 21.Rg3 Nc5 22.a3 Be1 23.Bxc5 Bxe2
24.b4 Qa4 25.Rxe1 Bxf1 26.Rxf1 b6 27.Bd4 Qxc2+ 28.Ka1 Rc4 29.f5 Qe4 30.Qxe4 dxe4
31.Bb2 exf5 32.Rxf5 Re8 33.Rf4 Re6 34.Rc3  1-0

[Event "21st Pobeskydi Distep Cup"]
[Site "Frydek-Mistek CZE"]
[Date "2010.04.01"]
[Round "2"]
[White "Motuz,K"]
[Black "Straka,Jos"]
[Result "0-1"]
[WhiteElo "2319"]
[BlackElo "2246"]

1.e4 c5 2.Nf3 d6 3.d4 cxd4 4.Nxd4 Nf6 5.Nc3 Nc6 6.Bg5 Qb6 7.Nb3 e6 8.Bd3 Be7
9.O-O O-O 10.Kh1 a6 11.Qe2 Qc7 12.a4 b6 13.f4 Bb7 14.Rae1 Nb4 15.e5 Nfd5
16.Bxh7+ Kxh7 17.Qh5+ Kg8 18.Ne4 f6 19.Nd4 Qd7 20.Nxe6 Qxe6 21.exf6 Bxf6
22.c4 Bxg5 23.Nxg5 Nf6 24.Qg6 Qg4 25.Rf2 Qh5 26.Qxh5 Nxh5 27.Ne6 Nd3  0-1

[Event "17th TCh-RUS Higher League"]
[Site "Dagomys RUS"]
[Date "2010.04.02"]
[Round "1"]
[White "Vokarev,S"]
[Black "Filipenko,A"]
[Result "1/2-1/2"]
[WhiteElo "2506"]
[BlackElo "2354"]

1.e4 c5 2.Nf3 Nc6 3.d4 cxd4 4.Nxd4 Nf6 5.Nc3 d6 6.Bg5 e6 7.Qd2 a6 8.O-O-O Be7
9.f3 Nxd4 10.Qxd4 O-O 11.Qd2 b5 12.Ne2 Bb7 13.Nd4 Rc8 14.h4 Nd7 15.Qe3 Re8
16.Bxe7 Qxe7 17.Kb1 Ne5 18.h5 Qc7 19.h6 g6 20.Bd3 f6 21.Rhe1 d5 22.exd5 Bxd5
23.Be4 Nc4 24.Qd3 Bxe4 25.Qxe4 e5 26.Nb3 Red8 27.g4 Nd6 28.Qe2 Nf7 29.Rxd8+ Rxd8
30.Qe3 Rd5 31.Nd2 Qc5 32.Qe2 Ng5 33.c3 Qd6 34.Nb3 Ne6 35.c4 Rd3 36.cxb5 axb5
37.Rc1 Kf7  1/2-1/2

[Event "21st Pobeskydi Arcelor Mittal Cup"]
[Site "Frydek-Mistek CZE"]
[Date "2010.04.02"]
[Round "4"]
[White "Szczepkowska Horowska,K"]
[Black "Langner,J"]
[Result "1-0"]
[WhiteElo "2302"]
[BlackElo "1849"]

1.e4 c5 2.Nf3 Nc6 3.d4 cxd4 4.Nxd4 Nf6 5.Nc3 d6 6.Bg5 e6 7.Bb5 Bd7 8.Bxc6 bxc6
9.Qf3 Be7 10.e5 Nd5 11.Ne4 O-O 12.Bxe7 Qxe7 13.exd6 Qd8 14.O-O f5 15.Nc5 Qe8
16.c4 Nb6 17.Nxd7 Qxd7 18.Qxc6 Rac8 19.Qxd7 Nxd7 20.b3 e5 21.Nb5 a6 22.Nc7 Rf6
23.Nd5 Rf7 24.Ne7+ Rxe7 25.dxe7 Re8 26.Rad1 Rxe7 27.Rd6 a5 28.Rfd1 Nf6 29.Ra6  1-0

[Event "21st Pobeskydi Distep Cup"]
[Site "Frydek-Mistek CZE"]
[Date "2010.04.03"]
[Round "5"]
[White "Pecha,T"]
[Black "Straka,Jos"]
[Result "1/2-1/2"]
[WhiteElo "2233"]
[BlackElo "2246"]

1.e4 c5 2.Nf3 d6 3.d4 cxd4 4.Nxd4 Nf6 5.Nc3 Nc6 6.Bg5 Qb6 7.Nb3 e6 8.Bxf6 gxf6
9.Qh5 Bd7 10.Bd3 Rg8 11.O-O Rg6 12.a4 Ne5 13.a5 Qb4 14.Qd1 Nc4 15.Na2 Qa4
16.Nc3 Qb4 17.Na2 Qa4 18.Nc3 Qb4 19.Na2  1/2-1/2

[Event "21st Pobeskydi Distep Cup"]
[Site "Frydek-Mistek CZE"]
[Date "2010.04.03"]
[Round "5"]
[White "Toma,K"]
[Black "Vesselovsky,S"]
[Result "1/2-1/2"]
[WhiteElo "2259"]
[BlackElo "2354"]

1.e4 c5 2.Nf3 d6 3.d4 cxd4 4.Nxd4 Nf6 5.Nc3 Nc6 6.Bg5 e6 7.Qd2 a6 8.O-O-O Bd7
9.f3 Be7 10.Kb1 Nxd4 11.Qxd4 Bc6 12.h4 O-O 13.g4 b5 14.Ne2 Rc8 15.Bh3 Qc7
16.Qd3 Bb7 17.Bxf6 Bxf6 18.g5 Be7 19.Nd4 d5 20.e5 Qxe5 21.Rde1 Qc7 22.g6 hxg6
23.Nxe6 fxe6 24.Bxe6+ Kh8 25.h5 g5 26.h6 g6 27.Qxg6 Bf6 28.Bxc8 Bxc8 29.Re8 Rxe8
30.Qxe8+ Kh7 31.Qf8 Qe5 32.Qf7+ Kh8 33.Qf8+  1/2-1/2

[Event "17th TCh-RUS Premier"]
[Site "Dagomys RUS"]
[Date "2010.04.05"]
[Round "5"]
[White "Arakhamia-Grant,K"]
[Black "Paikidze,N"]
[Result "0-1"]
[WhiteElo "2447"]
[BlackElo "2322"]

1.e4 c5 2.Nf3 d6 3.d4 cxd4 4.Nxd4 Nf6 5.Nc3 Nc6 6.Bg5 e6 7.Qd2 a6 8.O-O-O Be7
9.f3 Nxd4 10.Qxd4 Qc7 11.h4 Bd7 12.Kb1 b5 13.g4 h5 14.gxh5 Qc5 15.Qd2 b4
16.Ne2 a5 17.h6 gxh6 18.Bxh6 a4 19.Be3 Qa5 20.Nf4 a3 21.b3 Nh5 22.Nxh5 Rxh5
23.f4 Bc6 24.Bg2 O-O-O 25.Qf2 Rdh8 26.Rd4 d5 27.exd5 exd5 28.f5 Bf6 29.Bf3 R5h7
30.h5 Re8 31.Rd3 Bc3 32.Rhd1 Qc7 33.Bxd5 Rxh5 34.Bxc6 Qxc6 35.Rd5 Rh1 36.Rd3 Reh8
37.Bc1 Be5 38.Qa7 Rxd1 39.Rxd1 Rh2 40.Rd2 Rh1 41.Rf2 Bb2  0-1

[Event "17th TCh-RUS Higher League"]
[Site "Dagomys RUS"]
[Date "2010.04.06"]
[Round "5"]
[White "Popov,Iv RUS"]
[Black "Yaksin,O"]
[Result "1-0"]
[WhiteElo "2589"]
[BlackElo "2400"]

1.e4 c5 2.Nf3 d6 3.d4 cxd4 4.Nxd4 Nf6 5.Nc3 Nc6 6.Bg5 e6 7.Qd2 Be7 8.O-O-O Qb6
9.Bxf6 Bxf6 10.Nxc6 bxc6 11.Na4 Qb7 12.Qxd6 Be7 13.Qe5 O-O 14.Kb1 Qb4 15.c3 Qxa4
16.Rd4 Bf6 17.Qxf6 Qa5 18.Qe7 c5 19.Rc4 Rb8 20.Qxc5 Qd8 21.Rd4 Qf6 22.f3 e5
23.Rd6 Be6 24.Ba6 Rb6 25.Rxb6 axb6 26.Qe3 Ra8 27.Qe2 b5 28.Qxb5 Qd8 29.Kc2 Rb8
30.Rd1 Qc7 31.Qd3 Qa5 32.Bb5 Bxa2 33.c4 Rc8 34.Qa3 Qxa3 35.bxa3 Bxc4 36.Bxc4 Rxc4+
37.Kb3 Rc8 38.a4 f6 39.a5 Rb8+ 40.Kc4  1-0

[Event "17th TCh-RUS Higher League"]
[Site "Dagomys RUS"]
[Date "2010.04.07"]
[Round "6"]
[White "Gorovykh,E"]
[Black "Ozolin,M"]
[Result "1/2-1/2"]
[WhiteElo "2446"]
[BlackElo "2383"]

1.e4 c5 2.Nf3 d6 3.d4 cxd4 4.Nxd4 Nf6 5.Nc3 Nc6 6.Bg5 e6 7.Qd2 Be7 8.O-O-O Nxd4
9.Qxd4 a6 10.f4 b5 11.Be2 Bb7 12.Bf3 O-O 13.e5 Bxf3 14.exf6 gxf6 15.gxf3 fxg5
16.Ne4 d5 17.h4 Qc7 18.Nxg5 Qc4 19.Qe5 Rac8 20.c3 Qc7 21.Rxd5 Qxe5 22.Rxe5 Bd6
23.Re4 h6 24.Nh3 Rc5 25.Nf2 Rf5 26.Nd3 Rd8 27.Kc2 Kf8 28.a4 Rc8 29.Kb3 Ke7
30.Rd4 Rd8 31.Rd1 Rc8  1/2-1/2

[Event "17th TCh-RUS Higher League"]
[Site "Dagomys RUS"]
[Date "2010.04.08"]
[Round "7"]
[White "Poniaev,R"]
[Black "Lyaskovsky,Va"]
[Result "1-0"]
[WhiteElo "2265"]
[BlackElo "2271"]

1.e4 c5 2.Nf3 d6 3.d4 cxd4 4.Nxd4 Nf6 5.Nc3 Nc6 6.Bg5 e6 7.Qd2 a6 8.O-O-O Be7
9.f3 Nxd4 10.Qxd4 b5 11.g4 O-O 12.Be3 Bb7 13.g5 Nd7 14.h4 Rc8 15.Be2 Ne5
16.Kb1 Nc4 17.Bxc4 Rxc4 18.Qd3 Qc7 19.Bd4 Rc8 20.Rd2 d5 21.e5 Bc5 22.Bxc5 Rxc5
23.Re1 b4 24.Nd1 Bc6 25.Qe2 Ba4 26.b3 Bb5 27.Qf2 Bd3 28.Ne3 Bg6 29.h5 Bxh5
30.f4 Bg6 31.f5 Bxf5 32.Nxf5 exf5 33.Qxf5 g6 34.Qf2 d4 35.Qe2 Qe7 36.e6 Rxg5
37.exf7+ Qxf7 38.Rxd4 a5 39.Qd2 Qf6 40.Rd6 Qc3 41.Rd8+ Rxd8 42.Qxd8+ Kg7
43.Qe7+ Kh6 44.Qf8+ Kh5 45.Rh1+ Kg4 46.Qf2 Qg3 47.Rg1 Qxg1+ 48.Qxg1+ Kf5
49.Qf2+ Ke6 50.Qb6+ Kf7 51.Qc7+ Kf6 52.Qd8+  1-0

[Event "IV Open"]
[Site "La Laguna ESP"]
[Date "2010.04.08"]
[Round "5"]
[White "Rodriguez Lopez,Ra"]
[Black "Miton,K"]
[Result "0-1"]
[WhiteElo "2301"]
[BlackElo "2581"]

1.e4 c5 2.Nf3 Nc6 3.d4 cxd4 4.Nxd4 Nf6 5.Nc3 d6 6.Bg5 e6 7.Qd2 a6 8.f3 Be7
9.O-O-O Bd7 10.h4 h6 11.Be3 h5 12.Bg5 Qc7 13.Kb1 Rc8 14.Nxc6 Bxc6 15.Ne2 Bxe4
16.fxe4 Nxe4 17.Qc1 Nxg5 18.hxg5 Bxg5 19.Rd2 Qa5 20.c3 Qf5+ 21.Ka1 Qf2 22.Qd1 Bxd2
23.Qxd2 Rc5 24.a3 Ke7 25.Qd1 Re5 26.Rh3 Re3 27.Rxe3 Qxe3 28.Nd4 g6 29.Be2 Kf6
30.Bf3 d5 31.Qb3 b5 32.Qb4 Qf4 33.Qc5 g5 34.Qc6 Kg7 35.Qd7 Qf6 36.Ka2 g4
37.Bd1 Rh6 38.Bb3 Qg5 39.g3 Qe5 40.Qb7 Rf6 41.Qxa6 Qxg3 42.Qxb5 h4 43.a4 h3
44.a5 h2 45.a6 h1=Q 46.a7 Rf1  0-1

[Event "IV Open"]
[Site "La Laguna ESP"]
[Date "2010.04.09"]
[Round "6"]
[White "Rodriguez Lapetra,P"]
[Black "Nortes Hernandez,P"]
[Result "1-0"]
[WhiteElo "2105"]
[BlackElo "1896"]

1.e4 c5 2.Nf3 Nc6 3.d4 cxd4 4.Nxd4 Nf6 5.Nc3 d6 6.Bg5 a6 7.Qd2 e6 8.O-O-O Be7
9.f3 Bd7 10.Kb1 Qc7 11.h4 Nxd4 12.Qxd4 b5 13.Qd2 b4 14.Ne2 Qb7 15.Ng3 a5
16.Bxf6 gxf6 17.Nh5 h6 18.Qf4 O-O-O 19.Bd3 e5 20.Qd2 Be6 21.Qe2 Qc6 22.Bb5 Qc5
23.f4 Kc7 24.f5 Rb8 25.Ba4 Bc4 26.Qf3 d5 27.exd5 Kd6 28.Ng3  1-0

[Event "IV Open"]
[Site "La Laguna ESP"]
[Date "2010.04.10"]
[Round "7"]
[White "Saez Gabikagogeaskoa,O"]
[Black "Febles Dominguez,A"]
[Result "1-0"]
[WhiteElo "1969"]
[BlackElo "1526"]

1.e4 c5 2.Nf3 d6 3.d4 cxd4 4.Nxd4 Nf6 5.Nc3 Nc6 6.Bg5 e5 7.Nb3 Be7 8.Qd2 b6
9.O-O-O Bb7 10.Bxf6 gxf6 11.Kb1 Qd7 12.Bc4 f5 13.exf5 O-O-O 14.g4 Nd4 15.Nxd4 exd4
16.Nd5 Kb8 17.Qxd4 Rhe8 18.Rhe1 Bxd5 19.Bxd5 Bf8 20.Be4 Re5 21.f4 Rc5 22.Bf3 Qc7
23.Qe4 d5 24.Qa4 Ra5 25.Qb3 d4 26.Re5 Rc5 27.Bg2 Bg7 28.Qf3 Rc6 29.Qxc6 Qxc6
30.Bxc6 Bxe5 31.fxe5 Kc7 32.Ba4 a6 33.Bb3 Rd7 34.e6 fxe6 35.fxe6 Rd6 36.Rf1 d3
37.Rf7+ Kd8 38.cxd3 Rxd3 39.Rxh7 Re3 40.Rh8+ Ke7 41.Rh7+ Kd8 42.g5 Re1+ 43.Kc2 Rg1
44.g6 Rxg6 45.e7+  1-0

[Event "59th ch-BUL w"]
[Site "Dupnitsa BUL"]
[Date "2010.04.12"]
[Round "5"]
[White "Nikolova,A"]
[Black "Ivanova,Si"]
[Result "1-0"]
[WhiteElo "2348"]
[BlackElo "1816"]

1.e4 c5 2.Nf3 d6 3.d4 cxd4 4.Nxd4 Nf6 5.Nc3 Nc6 6.Bg5 e6 7.Qd2 a6 8.O-O-O Bd7
9.f4 h6 10.Bh4 g5 11.fxg5 Ng4 12.Nxc6 Bxc6 13.Qf4 hxg5 14.Bxg5 Qxg5 15.Qxg5 Bh6
16.Qxh6 Rxh6 17.Rxd6 Nf2 18.Rg1 Rxh2 19.Be2 Ke7 20.Rd4 Rg8 21.Bf3 Ng4 22.Re1 Ne5
23.Nd5+ Kd6 24.Ne3+ Kc5 25.Red1 Nxf3 26.gxf3 Rh3 27.a4 Kb6 28.Nc4+ Kc7 29.Ne5 f6
30.Nxc6 bxc6 31.a5 Rg7 32.R4d3 Rh5 33.b4 Rb5 34.c3 f5 35.Kc2 fxe4 36.fxe4 Re5
37.Rd8 Rxe4 38.Ra8 Kb7 39.Rdd8 Reg4 40.Rdb8+ Kc7 41.Rb6 e5 42.Raxa6 R4g6
43.Kb3 Rd7 44.b5 Rdd6 45.bxc6 Rxc6 46.Rxc6+ Rxc6 47.Rxc6+ Kxc6 48.Kc4 e4
49.Kd4 Kb5 50.Kxe4 Kxa5 51.Kd5 Kb6 52.c4 Kb7 53.Kd6 Kb8 54.Kd7  1-0

[Event "TCh-ISR"]
[Site "Israel ISR"]
[Date "2010.04.16"]
[Round "5"]
[White "Baron,Ta"]
[Black "Gershon,A"]
[Result "1-0"]
[WhiteElo "2407"]
[BlackElo "2503"]

1.e4 c5 2.Nf3 d6 3.d4 Nf6 4.Nc3 cxd4 5.Nxd4 Nc6 6.Bg5 e6 7.Qd2 Qb6 8.Nb3 Be7
9.O-O-O O-O 10.f4 a6 11.Be2 Rd8 12.Bf3 Qc7 13.g4 b5 14.h4 b4 15.Na4 Bb7 16.Kb1 Rac8
17.Bxf6 Bxf6 18.Qf2 g6 19.g5 Bg7 20.h5 Na5 21.h6 Bh8 22.Nb6 Nc4 23.Nxc4 Qxc4
24.Na5 Qc7 25.Nxb7 Qxb7 26.Rd3 Qe7 27.Bg4 Rc4 28.Qe3 f6 29.gxf6 Bxf6 30.e5 Bxe5
31.fxe5 Rxg4 32.exd6 Qf6 33.b3 e5 34.Rhd1 Rd7 35.Rd5 e4 36.Qe2 Qe6 37.Qxa6 Rf4
38.Qc4 Rf2 39.Re5 Qxc4 40.bxc4 e3 41.c5  1-0

[Event "Open"]
[Site "Bar MNE"]
[Date "2010.04.21"]
[Round "6"]
[White "Meta,B"]
[Black "Zecevic,Iv"]
[Result "0-1"]
[WhiteElo "2062"]
[BlackElo "1965"]

1.e4 c5 2.Nf3 Nc6 3.d4 cxd4 4.Nxd4 Nf6 5.Nc3 d6 6.Bg5 e6 7.Qd2 a6 8.f4 h6
9.Bxf6 Qxf6 10.Nf3 Bd7 11.g4 Ne5 12.Be2 Nxf3+ 13.Bxf3 Qh4+ 14.Ke2 Bc6 15.Raf1 O-O-O
16.Qe3 Be7 17.Qa7 Bf6 18.e5 Bxf3+ 19.Rxf3 dxe5 20.h3 exf4 21.Rxf4 Qg3 22.Rc4+ Kd7
23.Qxb7+ Ke8 24.Qc6+ Kf8 25.Ne4 Qg2+ 26.Nf2 Rd5 27.Re4 Bg5 28.Qc8+ Ke7 29.Qc7+ Kf6
30.Qc3+ Kg6 31.Rd4 Re5+ 32.Kd1 Qxf2 33.Qd3+ f5 34.Rf1 Qxd4 35.gxf5+ exf5
36.Qxd4 Rd8 37.Qxd8 Bxd8 38.Kd2 Bg5+ 39.Kd3 Re3+ 40.Kd4 Rxh3 41.c4 Bf6+ 42.Kd5 Bxb2
43.c5  0-1

[Event "ch-SRB"]
[Site "Kragujevac SRB"]
[Date "2010.04.21"]
[Round "4"]
[White "Pikula,D"]
[Black "Damljanovic,B"]
[Result "1-0"]
[WhiteElo "2535"]
[BlackElo "2550"]

1.e4 c5 2.Nf3 d6 3.d4 cxd4 4.Nxd4 Nf6 5.Nc3 Nc6 6.Bg5 e6 7.Qd2 Qb6 8.Bxf6 gxf6
9.Nb3 a6 10.O-O-O Qc7 11.f4 b5 12.Kb1 h5 13.Bd3 Bd7 14.Rhf1 b4 15.Ne2 Qb6
16.f5 e5 17.Bc4 Ra7 18.Rf3 a5 19.Qd5 Nd8 20.Qd3 a4 21.Nd2 Nb7 22.Rh3 Nc5
23.Qf3 Bc6 24.Ng3 h4 25.Nh5 Rh6 26.Rxh4 b3 27.cxb3 axb3 28.axb3 Ke7 29.Qg4 Bb5
30.Qe2 Bc6 31.Rh3 Rh8 32.Nxf6 Rxh3 33.Ng8+ Kd8 34.gxh3 Qb7 35.Nf6 Bh6 36.Nd5 Bxd5
37.Bxd5 Qb4 38.Bc4 f6 39.h4 Bf4 40.Qg2 Rd7 41.Be6 Bxd2 42.Bxd7 Bf4 43.Be6 Qxe4+
44.Qxe4 Nxe4 45.h5 Kc7 46.Rg1 Nd2+ 47.Kc2 e4 48.Rg4 Be3 49.Bd5 Nf3 50.Rxe4 Bh6
51.Re7+  1-0

[Event "Venka & Antonia Ivanova Mem"]
[Site "Sofia BUL"]
[Date "2010.04.23"]
[Round "4"]
[White "Filev,G"]
[Black "Ipatov,A ESP"]
[Result "1/2-1/2"]
[WhiteElo "2360"]
[BlackElo "2518"]

1.e4 c5 2.Nf3 Nc6 3.d4 cxd4 4.Nxd4 Nf6 5.Nc3 d6 6.Bg5 e6 7.Qd2 Be7 8.O-O-O Qb6
9.Bxf6 Bxf6 10.Nxc6 bxc6 11.Na4 Qb7 12.Qxd6 Be7 13.Qe5 O-O 14.Kb1 Qb4 15.c3 Qxa4
16.Rd4 Bf6 17.Qxf6 Qa5 18.Qe7 e5  1/2-1/2

[Event "FSIMA May"]
[Site "Budapest HUN"]
[Date "2010.05.09"]
[Round "9"]
[White "Izso,D"]
[Black "Brustkern,J"]
[Result "0-1"]
[WhiteElo "2262"]
[BlackElo "2256"]

1.e4 c5 2.Nf3 d6 3.d4 cxd4 4.Nxd4 Nf6 5.Nc3 Nc6 6.Bg5 e6 7.Qd2 a6 8.O-O-O Bd7
9.f4 b5 10.Bxf6 gxf6 11.Nxc6 Bxc6 12.Bd3 b4 13.Ne2 Qb6 14.Kb1 Qc5 15.f5 e5
16.Ng3 h5 17.h4 Bh6 18.Qe2 Be3 19.Nxh5 Ke7 20.g4 a5 21.Rh3 Bd4 22.Bc4 a4
23.b3 axb3 24.Bxb3 Bb5 25.Qf3 Ra3 26.Nxf6 Kxf6 27.g5+ Ke7 28.f6+ Kd7 29.g6 fxg6
30.f7 Rf8 31.Qf6 Bc4 32.Qxg6 Bxb3 33.Rxb3 Rxa2 34.c3 Qc4 35.Rxb4 Ra1+ 36.Kxa1 Ra8+
37.Kb1 Qa2+  0-1

[Event "ch-Commonwealth"]
[Site "Delhi IND"]
[Date "2010.05.10"]
[Round "1"]
[White "Grover,S"]
[Black "Jitendra,C"]
[Result "1-0"]
[WhiteElo "2416"]
[BlackElo "1837"]

1.e4 c5 2.Nc3 d6 3.Nf3 Nc6 4.d4 cxd4 5.Nxd4 Nf6 6.Bg5 e6 7.Qd2 Be7 8.O-O-O a6
9.f4 Qc7 10.Nxc6 bxc6 11.Bxf6 gxf6 12.f5 h5 13.Kb1 Rb8 14.Bc4 d5 15.Bb3 h4
16.Rhe1 Kf8 17.Rf1 Rh5 18.Ne2 Ke8 19.fxe6 fxe6 20.exd5 cxd5 21.Qd3 Kf7 22.Nf4 Rf5
23.Nxe6  1-0

[Event "TCh-UKR Clubs"]
[Site "Alushta UKR"]
[Date "2010.05.15"]
[Round "4"]
[White "Lastin,A"]
[Black "Strygin,A"]
[Result "1-0"]
[WhiteElo "2643"]
[BlackElo "2261"]

1.e4 c5 2.Nf3 d6 3.d4 cxd4 4.Nxd4 Nf6 5.Nc3 Nc6 6.Bg5 e6 7.Qd2 a6 8.O-O-O Qb6
9.Bxf6 gxf6 10.Nb3 Bd7 11.f4 O-O-O 12.Be2 h5 13.Rhf1 Na5 14.Rf3 Nxb3+ 15.axb3 Kb8
16.Kb1 Be7 17.Rh3 Qa5 18.Bxh5 Rxh5 19.b4 Rxh3 20.bxa5 Rxh2 21.Qe3 Rxg2 22.Rg1 Rg6
23.Rh1 Rg7 24.f5 Bc6 25.Rg1 Rh7 26.Rg4 Bd7 27.Qg1 Rhh8 28.Rg7 exf5 29.Rxf7 Rdg8
30.Qd1  1-0

[Event "Chladek & Tintera Open"]
[Site "Hradec Kralove CZE"]
[Date "2010.05.15"]
[Round "1"]
[White "Kraus,To"]
[Black "Zoubek,D"]
[Result "1-0"]
[WhiteElo "2091"]
[BlackElo "1682"]

1.e4 c5 2.Nf3 d6 3.Nc3 Nc6 4.d4 cxd4 5.Nxd4 Nf6 6.Bg5 e6 7.Qd2 a6 8.O-O-O h6
9.Bf4 d5 10.exd5 Nxd5 11.Nxd5 Qxd5 12.Nxc6 Qxd2+ 13.Rxd2 bxc6 14.Be2 Bc5
15.Bf3 Bb7 16.Rhd1 O-O 17.Rd7 Ra7 18.Bd6 Bxd6 19.R1xd6 Rfa8 20.Rc7  1-0

[Event "ch-CAT"]
[Site "Sabadell ESP"]
[Date "2010.05.16"]
[Round "1.2"]
[White "Fluvia Poyatos,Joa"]
[Black "Lillo Castay,V"]
[Result "1-0"]
[WhiteElo "2479"]
[BlackElo "2327"]

1.e4 c5 2.Nf3 d6 3.d4 cxd4 4.Nxd4 Nf6 5.Nc3 Nc6 6.Bg5 e6 7.Qd2 a6 8.O-O-O Bd7
9.f3 h6 10.Be3 b5 11.Nxc6 Bxc6 12.Ne2 Qc7 13.Nd4 Bb7 14.Bd3 Nd7 15.Kb1 Rc8
16.Nb3 d5 17.Na5 dxe4 18.fxe4 Ba8 19.a4 Bc5 20.Bxc5 Nxc5 21.axb5 O-O 22.bxa6 Bxe4
23.Nb3 Nxd3 24.cxd3 Rfd8 25.dxe4 Rxd2 26.Rxd2 Qc4 27.Rc1 Qxe4+ 28.Rcc2 Rxc2
29.Rxc2 Qe1+ 30.Ka2 Qb4 31.Nc5 e5 32.Rc3 Qa5+ 33.Kb1 Qb6 34.Ra3 Qa7 35.Ne4 Qg1+
36.Ka2 Qd4 37.Nc3 Qc4+ 38.Ka1 Qf1+ 39.Nb1 Qxg2 40.a7 Qa8 41.Nd2 f5 42.Nc4  1-0

[Event "Campomanes Mem WIM"]
[Site "Ankara TUR"]
[Date "2010.05.17"]
[Round "1"]
[White "Patel,Y"]
[Black "Bensdorp,L"]
[Result "0-1"]
[WhiteElo "1782"]
[BlackElo "2119"]

1.e4 c5 2.Nf3 d6 3.d4 cxd4 4.Nxd4 Nf6 5.Nc3 Nc6 6.Bg5 e6 7.Qd2 a6 8.O-O-O Bd7
9.f3 Be7 10.Kb1 Qc7 11.g4 h5 12.gxh5 Rxh5 13.f4 Nxd4 14.Qxd4 Qc5 15.Qxc5 dxc5
16.Be2 Rh8 17.e5 Bc6 18.Rhg1 Ne4 19.Nxe4 Bxe4 20.Bxe7 Kxe7 21.Bd3 Bc6 22.Rxg7 Rxh2
23.b3 Rf2 24.f5 exf5 25.Bc4 Rf8 26.e6 b5 27.Bd5 Bxd5 28.Rxd5 Kxe6 29.Rxc5 Kd6
30.Rc3 f4 31.Rg5 Re8 32.Rf5  0-1

[Event "VIII World's Youth Stars"]
[Site "Kirishi RUS"]
[Date "2010.05.17"]
[Round "8"]
[White "Oparin,G"]
[Black "Sethuraman,S"]
[Result "1/2-1/2"]
[WhiteElo "2348"]
[BlackElo "2493"]

1.e4 c5 2.Nf3 d6 3.d4 cxd4 4.Nxd4 Nf6 5.Nc3 Nc6 6.Bg5 Qb6 7.Be3 a6 8.Nb3 Qc7
9.Nd5 Nxd5 10.exd5 Ne5 11.Be2 g6 12.Bd4 Bh6 13.O-O O-O 14.f4 Nc4 15.a4 Bd7
16.a5 Rac8 17.Rf3 e5 18.dxe6 fxe6 19.Rc3 d5 20.Be5 Qd8 21.Bxc4 dxc4 22.Nd4 Bxf4
23.Bxf4 Rxf4 24.Re3 Qe7 25.c3 Rcf8 26.Qe2 Qf6 27.Nxe6 Rf2 28.Qe1 Bxe6 29.Rxe6 Qg5
30.Qe4 Qc5 31.Qe3 Qxe3 32.Rxe3 Rxb2 33.Rd1 Rff2 34.Rd8+ Kg7 35.Rd7+ Kf6 36.Rd6+ Kg5
37.Rg3+ Kh6 38.h3 Rf4 39.Rd7 Rb1+ 40.Kh2 Rb5 41.Re3 Rf2 42.Re4 Rxa5 43.Rxb7 Rc5
44.Rh4+ Kg5 45.Rg4+ Kh6 46.Rh4+ Kg5 47.Rg4+ Kf6 48.Rb6+ Kf5 49.Rxa6 Rc2 50.Rg3 Rc7
51.Rf3+ Ke5 52.Re3+ Kf4 53.Rf3+ Kg5 54.Rd6 Kh6 55.Rd4 Kg7 56.Re3 Rc1 57.h4 Kh6
58.Rf3 Rc2 59.Re3 Kg7 60.Rf3 h5 61.Rd6 Rf7 62.Rg3 Rf6 63.Rd4 Rc6 64.Rf3 Rc1
65.Rd7+ Kg8 66.Rdf7 Rc8 67.R7f6 Kg7 68.Re6 Rf8 69.Re7+ Kg8 70.Rg3 Rf4 71.Rxg6+ Kf8
72.Re3 Rxh4+ 73.Kg3 Rhh1 74.Rc6 h4+ 75.Kg4 Rc2 76.Rc8+ Kf7 77.Rc7+ Kf6 78.Rc6+ Kf7
79.Rc7+ Kf6 80.Rc6+ Kf7 81.Rc7+  1/2-1/2

[Event "ch-Commonwealth"]
[Site "Delhi IND"]
[Date "2010.05.18"]
[Round "11"]
[White "Ramnath,B"]
[Black "Ashwin,J"]
[Result "0-1"]
[WhiteElo "2350"]
[BlackElo "2457"]

1.e4 c5 2.Nf3 d6 3.d4 cxd4 4.Nxd4 Nf6 5.Nc3 Nc6 6.Bg5 e6 7.Qd2 a6 8.O-O-O Bd7
9.f3 Be7 10.Be3 h5 11.Kb1 Qc7 12.Bd3 Ne5 13.h3 h4 14.f4 Nxd3 15.cxd3 b5 16.Rc1 Qb7
17.Nf3 b4 18.Ne2 a5 19.Ned4 Nh5 20.Rhe1 Ng3 21.Bf2 a4 22.Rc4 b3 23.a3 O-O
24.Rec1 Rac8 25.Rxc8 Rxc8 26.Rxc8+ Qxc8 27.Bxg3 hxg3 28.Ne2 Qa6 29.Nc3 Bf6
30.Kc1 Qc8 31.e5 dxe5 32.fxe5 Bd8 33.Nd4 Qc5 34.Qf4 Ba5 35.Ne2 Bxc3 36.Nxc3 Qg1+
37.Kd2 Qxg2+ 38.Ne2 Qc6 39.Qc4 g2 40.Qd4 Kf8 41.Qh4 Qc2+ 42.Ke1 Qxe2+ 43.Kxe2 g1=Q
44.Qh8+ Ke7 45.Qh4+ f6 46.exf6+ gxf6  0-1

[Event "4th All China Games Rapid"]
[Site "Hefei CHN"]
[Date "2010.05.18"]
[Round "3"]
[White "Zhang Jilin"]
[Black "Zhao Xue"]
[Result "0-1"]
[WhiteElo "2280"]
[BlackElo "2493"]

1.e4 c5 2.Nf3 Nc6 3.d4 cxd4 4.Nxd4 Nf6 5.Nc3 d6 6.Bg5 e6 7.Qd2 Be7 8.O-O-O a6
9.h4 Bd7 10.f3 Qc7 11.Kb1 Ne5 12.Bd3 O-O-O 13.Qe2 Kb8 14.Bf4 Nxd3  0-1

[Event "Campomanes Mem WIM"]
[Site "Ankara TUR"]
[Date "2010.05.19"]
[Round "5"]
[White "Patel,Y"]
[Black "Tsatsalashvili,K"]
[Result "0-1"]
[WhiteElo "1782"]
[BlackElo "2257"]

1.e4 c5 2.Nf3 d6 3.d4 cxd4 4.Nxd4 Nf6 5.Nc3 Nc6 6.Bg5 e6 7.Qd2 a6 8.O-O-O Bd7
9.f3 Qa5 10.h4 h6 11.Be3 Nxd4 12.Bxd4 b5 13.Kb1 b4 14.Ne2 e5 15.Be3 Be6 16.Nc1 d5
17.Nb3 Qc7 18.exd5 Nxd5 19.Bd3 Be7 20.g4 a5 21.Bb5+ Kf8 22.g5 a4 23.gxh6 g6
24.h5 axb3 25.cxb3 Nxe3 26.Qxe3 Qa7 27.Qxa7 Rxa7 28.hxg6 fxg6 29.Rde1 Bf5+
30.Ka1 Bf6 31.f4 Re7 32.fxe5 Rxe5 33.Rxe5 Bxe5 34.Rh4 Bf6 35.Rh1 Be5 36.Rh4 Bf6
37.Rxb4 Rxh6 38.a4 Rh2 39.Ka2 Bxb2 40.Rc4 Bc1+ 41.Ka1 Bh6 42.a5 Bg7+  0-1

[Event "TCh-UKR Clubs"]
[Site "Alushta UKR"]
[Date "2010.05.20"]
[Round "11"]
[White "Olifir,M"]
[Black "Ivanov,Ol UKR"]
[Result "0-1"]
[WhiteElo "1898"]
[BlackElo "2491"]

1.e4 c5 2.Nf3 d6 3.d4 cxd4 4.Nxd4 Nf6 5.Nc3 Nc6 6.Bg5 e6 7.Be2 Be7 8.O-O O-O
9.Kh1 a6 10.Qd2 Qc7 11.Rad1 Rd8 12.f4 h6 13.Nxc6 bxc6 14.Bxf6 Bxf6 15.Rf3 Rb8
16.b3 Bb7 17.Rg3 Kf8 18.Na4 e5 19.Rd3 exf4 20.Rxd6 Be7 21.Rd3 c5 22.Bf3 Rxd3
23.cxd3 Bc6 24.Nb2 Bf6 25.Nc4 Bd4 26.Qc2 g6 27.Rb1 Kg7 28.Qe2 a5 29.Qf1 a4
30.Bd1 h5 31.Bc2 axb3 32.Rxb3 Ra8 33.Qb1 f3 34.gxf3 Qf4 35.Qd1 Rxa2 36.Kg2 Qg5+  0-1